| 000 | 01282cam a22003011i 4500 | ||
|---|---|---|---|
| 003 | SA-RiAUC | ||
| 005 | 20250909122458.0 | ||
| 008 | 250908s1980 le g 00010 ara c | ||
| 040 |
_aSA-JeALM _bara _cSA-RiAUC _erda |
||
| 050 | 4 | _b.Q33 1980 | |
| 082 | 0 | 4 |
_a819.5 _qSA-RiAUC |
| 090 |
_a819.5 _bق د ا |
||
| 100 | 0 |
_aقدامة بن جعفر بن قدامة بن زياد، _dتوفي 337 هجري _eمؤلف. |
|
| 245 | 1 | 0 |
_aكتاب نقد النثر / _cلأبي الفرج قدامة بن جعفر. |
| 246 | 3 | 0 | _aنقد النثر |
| 250 | _aالطبعة الأولى. | ||
| 264 | 1 |
_aبيروت : _bالمكتبة العلمية، _c1980 |
|
| 300 |
_a153 صفحة ؛ _c23 سم |
||
| 336 |
_aنص _btxt _2rdacontent _3كتاب |
||
| 337 |
_aبدون وسيط _bn _2rdamedia |
||
| 338 |
_aمجلد _bnc _2rdacarrier |
||
| 650 | 7 |
_aالنثر العربي _xتاريخ ونقد _yالعصر العباسي الثاني _2aucsh |
|
| 700 | 0 | 2 |
_iتحقيق لـ : _aقدامة بن جعفر بن قدامة بن زياد، _dتوفي 337 هجري. _tنقد النثر |
| 700 | 0 |
_aطه حسين، _d1889-1973 _eمحقق. |
|
| 700 | 1 |
_aالعبادي، عبد الحميد، _d1892-1956 _eمحقق. |
|
| 942 |
_2ddc _cBOOK _n0 |
||
| 949 |
_aSA-JeALM _d250908 _umohamedma123 _n1 |
||
| 999 |
_c11546 _d11546 |
||